MDQL
is popping MORE tags! Check the
thread
!
Quizzes
Events
Quiz Creation
Community
Videos
Private Events
Remove Ads
Sign In
Join for FREE
Feedback
Dark Mode
Quiz Categories
Sports
Geography
Music
Movies
Television
Just For Fun
Miscellaneous
History
Literature
Language
Science
Gaming
Entertainment
Religion
Holiday
For Kids
Quiz Lab
Recent
Popular Today
Quiz Kudos Today
Editor Picks
Curator Picks
Quizzes by...
Day
Popularity
Type
Ratings
Length
Year
Community
Subscriptions
Recent Discussions
Orange Saloon
Badges
Playlists
Quests
Create
Leaderboards
Showdown
Live 5
Trivia Bingo
Activity
Puzzle Library
Sporcle Events
Private Events
Virtual Trivia
Globe League
Become a Host
Pub Owners
SporcleCon
Opinionation
Our Games
Videos
Blog
Mobile Apps
Partnerships
Remove Ads and Go Orange
Feedback
Television
TV Characters
TV Show
Sitcom
Network
Friends
Reality Shows
Cast
South Park
Star Trek
The Simpsons
Doctor Who
Television
TV Characters
TV Show
Sitcom
Network
Friends
Reality Shows
Cast
South Park
Star Trek
The Simpsons
Doctor Who
Random Quiz
Search Sporcle
×
Quiz Lab
Quiz Lab
Television
Avatar
Type in answers that appear in a list
Type in answers that appear in a list
Classic
Best Score? Go Orange.
Avatar: The Last Airbender Characters Stats
Can you name all named characters?
By
SporcleEXP
15m
152 Questions
941 Plays
941 Plays
941 Plays
Comments
Comments
Give Quiz Kudos
Give Quiz Kudos
-
- Ratings
hide this ad
Replay
Link that replays current quiz
Next Quiz
Link to next quiz in quiz playlist
You Got
0%
They Got
Avg Score
49%
Avg Friend Score
Upgrade to see
Score Distribution
Jump to the score distribution portion of the page
Score
0/152
Timer
15:00
1
Play Today
Characters
% Correct
Avatar Aang
98%
Katara
97.3%
Sokka
96.6%
Prince Zuko
91.6%
Toph Beifong
90.1%
Appa
89.7%
General Iroh
89.1%
Gran Gran
87.6%
Princess Azula
87.2%
Ty Lee
86.8%
Momo
86.5%
Avatar Roku
86%
Zhao
84.1%
Lo
80.8%
Mai
79.3%
Fire Lord Sozin
77.7%
Suki
77.4%
Avatar Yangchen
76.7%
Avatar Kuruk
76.7%
King Bumi
75.9%
Fire Lord Azulon
75.5%
Fire Lord Ozai
75%
Avatar Kyoshi
74.8%
Princess Yue
74.4%
Hei Bai
74%
Li
73%
Hakoda
73%
Monk Gyatso
72.8%
Master Yu
72.8%
The Boulder
72.5%
Tui
72.3%
Jet
72.1%
Long Feng
71%
Longshot
69.5%
Ursa
68.9%
Jeong Jeong
68.7%
Master Pakku
68.4%
Duke
68.4%
Haru
68.1%
Hama
68.1%
Smellerbee
68%
Kya
67.3%
Pipsqueak
66.7%
Koh the Face Stealer
66.4%
La
65.3%
Bato
65.2%
June
65%
Aunt Wu
63.8%
Xin Fu
63%
Bosco
62.5%
Wan Shi Tong
61.8%
Characters
% Correct
Sneers
60%
Huu
59.8%
Tyro
59.2%
The Big Bad Hippo
58.9%
Tom-Tom
58.8%
Jin
58.8%
Meng
58.2%
Mechanist
57.2%
Nyla
57%
Painted Lady
57%
Earth King Kuei
56.8%
Lao Beifong
56.5%
Fang
55.7%
Master Piandao
55.7%
Cabbage Merchant
55.6%
Lee
54.8%
Teo
54.5%
Chong
53.8%
Prince Lu Ten
53.8%
Flopsy
53%
Due
52.4%
Chief Arnook
51.5%
Chan
51.2%
Tho
51.1%
Hahn
50.9%
Shu
50.8%
Poppy Beifong
50.5%
Joo Dee
49.8%
Combustionman
49.6%
Foaming Mouth Guy
49.3%
Chin the Conqueror
49.2%
Firenation Man
48.7%
Lion Turtle
47.5%
Ran
46.6%
Warden
46.5%
Professor Zei
46.3%
Lily
46%
Oma
45.9%
Shaw
45.3%
Chit Sang
43.8%
General Fong
43.8%
Song
43.2%
Wei Jin
42.9%
Guru Pathik
42.6%
Jin Wei
42.5%
Coco
42.3%
Dock
42%
Yon Rha
41.6%
Hawky
40.3%
Ming
40%
On Ji
40%
Characters
% Correct
Oyaji
39.9%
Shyu
39.3%
Yugoda
38.8%
Hope
38.2%
War Minister Qin
37.5%
Slim
37.2%
Moku
36.3%
General How
34.9%
The Gecko
34%
Miyuki
33.9%
Ta Min
33.8%
Sensu
33.4%
Mongke
32.3%
Foo Foo Cuddlypoops
32.1%
Lieutenant Jee
30.9%
Chey
30.3%
Monk Pasang
30.1%
Pirate Barker Oh
30.1%
Ping
29.8%
Gansu
29.2%
Hide
28.7%
The Gopher
28.3%
Herbalist
28.3%
Monk Tashi
28.2%
Ying
27.1%
Ding
26.9%
Fat
26.4%
Sister Iio
25.5%
Sangok
25.4%
Sela
24.8%
Gow
24.7%
The Headhunter
24.7%
Pao
24.4%
Jinju
24.3%
Tong
24.1%
Qin Lee
23.6%
General Sung
23.5%
Ruon-Jian
23.2%
Shoji
22.6%
Sud
21.3%
Poi
20.3%
Quon
20%
Yao
19.3%
Ham Ghao
19.1%
Ghashiun
18.3%
Corncob Guy
18.2%
Malu
17%
Tahn
16.9%
Lin Yee
15.6%
Sha-Mo
14%
Quiz Playlist
Details
Report
Send in Message
Add To Playlist
Classic:
Type in answers that appear in a list
Last Updated: Jul 22, 2017
Quiz Scoreboard
CHALLENGE
Sign Up to Join the Scoreboard
Show All
Scores
Hide
Comments
May contain spoilers
Recently Published
1-10 Letter E Words III
by El_Dandy
Language
2m
Street Fighter Characters
by Artimus82
Gaming
60s
College Basketball Coaching Resumes
by pancakes188
Sports
9m
More to Explore
Quiz From the Vault
Featured Blog Post
Where Did the Easter Bunny Come From?
hide this ad
You Might Also Like...
Tags
Avatar
Avatar Characters
Avatar: The Last Airbender
Fictional Characters
Today's Top Quizzes in Television
Browse Television
hide this ad
Today's Top Quizzes in Avatar
Browse Avatar
Top Contributed Quizzes in Television
1
Survivor Journey Challenge
2
Adjectives in 80s TV Shows
3
5-to-1: The Simpsons Families
4
Adjectives in 00s TV Shows
5
5-to-1: Television Doctors
6
Adjectives in 10s TV Shows
7
7-to-1: TV Show Settings
8
5-to-1: Streaming Originals
9
Adjectives in 70s TV Shows
10
Survivor Seasons
Explore More
Trending Topics
Kpop
Anime
Harry Potter
Crossword
NBA
Marvel
Disney
Puzzle
Song
Soccer
The Office
NFL
WWE
Pokémon
Country
hide this ad
More By:
SporcleEXP
Quiz
Plays
Rating
Category
Featured
Created
Harry Potter Deaths in Order Minefield
3,068,616
4.18
Literature
Jan 27, 2016
Sins, Dwarfs, and Spice Girls
847,292
4.42
Just For Fun
Apr 11, 2012
Ancient History Bunker
708,234
4.28
History
Jan 20, 2014
Movie Posters VI
679,065
4.37
Movies
Nov 12, 2010
Movie Posters VII
621,886
4.44
Movies
Apr 16, 2011
Go to Creator's Profile
Score Distribution
Quiz Creator Spotlight
SporcleEXP
Follow
Send a Message
Quizzes Created
-
Created Quiz Play Count
-
More By This Creator
Popular Quizzes Today
1
Find the US States - No Outlines Minefield
2
Find the Countries of Europe - No Outlines Minefield
3
The Countries of the World
4
Find the US States
5
Risky Map Clicking: Biggest States A-Z
6
US States
7
Popular People in 1961
8
Movies - When Are They Set?
More Television Quizzes
How well do you know the series Young Royals (season 1)
Quiz Lab
Trending Quizzes
Risky Map Clicking: Least Populous States A-Z
Billboard Blitz: Aretha Franklin
Famous Russians: Author or Composer?
Countries of the World: 200 Million BC
1-10 Letter G Words
Recently Updated
Leaping Animals
pecheneg
Reality TV Shows (A-Z)
bhenderson79
Rickey Henderson's Hall of Fame Teammates
pecheneg
Champions League XIs: Arsenal
pecheneg
Quick Pick: Celebrities in WWE's Hall of Fame
aduchscher
A-Z Keypad Blitz II
pecheneg
Multiple Oscar Actors
pecheneg
Mystery Phrase Blitz: Oscar 'Best Actors'
pecheneg
F. Scott Fitzgerald Novels
LTH
Pick 3 Villains
ddd62291
Trending Topics
NBA
Disney
Marvel
Crossword
Anime
Kpop
Harry Potter
Song
Soccer
The Office
Puzzle
Country
NFL
WWE
Pokémon
Your Account Isn't Verified!
In order to create a playlist on Sporcle, you need to verify the email address you used during registration. Go to your
Sporcle Settings
to finish the process.
Report this User
Report this user for behavior that violates our
Community Guidelines
.
Details:
Send Report
Go to the Sporcle.com Mobile Site →
Comments